Ιστορία του γλωσσικού μας ζητήματος
Αποθηκεύτηκε σε:
| Κύριος συγγραφέας: | |
|---|---|
| Μορφή: | Βιβλίο |
| Γλώσσα: | Greek |
| Δημοσίευση: |
Αθήνα :
Μπουκουμάνης,
c1973.
|
| Έκδοση: | 5η εκδ. |
| Σειρά: | Σύγχρονο βιβλίο. Κοινωνιολογία (Μπουκουμάνης)
|
| Θέματα: | |
| Ετικέτες: |
Προσθήκη ετικέτας
Δεν υπάρχουν, Καταχωρήστε ετικέτα πρώτοι!
|
MARC
| LEADER | 00000cam a2200000 i 4500 | ||
|---|---|---|---|
| 001 | 1/13637 | ||
| 008 | 980316s1973 gr | ||| |||| ||gre|| | ||
| 035 | |l 10019118 | ||
| 040 | |a GR-MY-UA |b gre |e aacr | ||
| 041 | 0 | |a gre | |
| 082 | 7 | |a 489.3 |2 (22) | |
| 100 | 1 | |a Κορδάτος, Γιάννης, |d 1891-1961. | |
| 245 | 1 | 0 | |a Ιστορία του γλωσσικού μας ζητήματος / |c Γιάννη Κορδάτου. |
| 250 | |a 5η εκδ. | ||
| 260 | |a Αθήνα : |b Μπουκουμάνης, |c c1973. | ||
| 300 | |a 270 σ. ; |c 24 εκ. | ||
| 490 | 1 | |a (Σύγχρονο βιβλίο. Κοινωνιολογία / Μπουκουμάνης) | |
| 504 | |a Περιέχει βιβλιογραφικές παραπομπές και ευρετήριο. | ||
| 650 | 0 | 0 | |a Greek language |x History. |
| 830 | 0 | |a Σύγχρονο βιβλίο. |p Κοινωνιολογία (Μπουκουμάνης) | |
| 852 | |a INST |b LESVOS |e 19980316 |h 489.3 ΚΟΡ |p 005100014808 |q 005100014808 |t BK |y 0 | ||
| 901 | |a BIBL-1998-2 | ||
| 909 | |a Λ |b 054049 | ||
| 922 | |a 1ΕΛΗ |b 199802 |c ΚΠΣ/ΤΚΑ |d EMVASIS | ||
| 950 | |a 117-1998-01-28 | ||
| 970 | |z 1998/03 | ||